<?xml version="1.0" encoding="UTF-8"?>
<record
    xmlns:xsi="http://www.w3.org/2001/XMLSchema-instance"
    xsi:schemaLocation="http://www.loc.gov/MARC21/slim http://www.loc.gov/standards/marcxml/schema/MARC21slim.xsd"
    xmlns="http://www.loc.gov/MARC21/slim">

  <leader>00852nam a2200205Ia 4500</leader>
  <controlfield tag="003">IN-BaIIA</controlfield>
  <controlfield tag="008">211028s9999    xx            000 0 eng d</controlfield>
  <datafield tag="020" ind1=" " ind2=" ">
    <subfield code="a">0-306-40303-X</subfield>
  </datafield>
  <datafield tag="040" ind1=" " ind2=" ">
    <subfield code="c">IIA Library</subfield>
  </datafield>
  <datafield tag="080" ind1=" " ind2=" ">
    <subfield code="a">524.834(082.1)</subfield>
    <subfield code="b">HAD</subfield>
  </datafield>
  <datafield tag="111" ind1=" " ind2=" ">
    <subfield code="a">Workshop on "Hadronic Matter At Extreme Energy Density,"</subfield>
    <subfield code="c">Erice</subfield>
    <subfield code="d">1978 Oct. 13-21</subfield>
    <subfield code="9">12225</subfield>
  </datafield>
  <datafield tag="245" ind1=" " ind2="0">
    <subfield code="a">Hadronic matter at extreme Energy density</subfield>
    <subfield code="b">&#xA0;proceedings of Workshop on "Hadronic Matter at Extreme Energy Density," held in the Ettore Majorana Center in Erice, October 13-21, 1978.&#xA0;</subfield>
    <subfield code="c">edited by Nicola Cabibbo and Luigi Sertorio</subfield>
  </datafield>
  <datafield tag="260" ind1=" " ind2=" ">
    <subfield code="a">New York</subfield>
    <subfield code="b">Plenum Press</subfield>
    <subfield code="c">1980</subfield>
  </datafield>
  <datafield tag="300" ind1=" " ind2=" ">
    <subfield code="a">[various pagings.]</subfield>
  </datafield>
  <datafield tag="650" ind1=" " ind2=" ">
    <subfield code="a">Astronomy and Astrophysics thesaurus</subfield>
  </datafield>
  <datafield tag="650" ind1=" " ind2=" ">
    <subfield code="a">Hadronic matter</subfield>
    <subfield code="9">12226</subfield>
  </datafield>
  <datafield tag="700" ind1=" " ind2=" ">
    <subfield code="a">Cabibbo, Nicola., ed.</subfield>
    <subfield code="9">12227</subfield>
  </datafield>
  <datafield tag="700" ind1=" " ind2=" ">
    <subfield code="a">Sertorio, Luigi., ed.</subfield>
    <subfield code="9">12228</subfield>
  </datafield>
  <datafield tag="942" ind1=" " ind2=" ">
    <subfield code="c">BK</subfield>
  </datafield>
  <datafield tag="999" ind1=" " ind2=" ">
    <subfield code="c">7127</subfield>
    <subfield code="d">7127</subfield>
  </datafield>
  <datafield tag="952" ind1=" " ind2=" ">
    <subfield code="0">0</subfield>
    <subfield code="1">0</subfield>
    <subfield code="4">0</subfield>
    <subfield code="7">0</subfield>
    <subfield code="a">BAN</subfield>
    <subfield code="b">BAN</subfield>
    <subfield code="c">GEN</subfield>
    <subfield code="d">1982-07-27</subfield>
    <subfield code="l">0</subfield>
    <subfield code="o">524.834(082.1)/ HAD</subfield>
    <subfield code="p">7919</subfield>
    <subfield code="r">2021-11-05</subfield>
    <subfield code="w">1982-07-27</subfield>
    <subfield code="y">BK</subfield>
  </datafield>
</record>
